[Event "Mittelfränkischer Schachkongress 2016"]
[Site "Nürnberg"]
[Date "2016.03.25"]
[Round "8.7"]
[White "Leis, Stefan"]
[Black "Erlbeck, Peter"]
[Result "1/2-1/2"]
[WhiteElo "1970"]
[BlackElo "2056"]
[PlyCount "80"]
[EventDate "2016.??.??"]
[WhiteTeam "SC Mühlhof-Reichelsdorf"]
[BlackTeam "SW Nürnberg Süd"]

1. e4 c5 2. Nf3 Nc6 3. d4 cxd4 4. Nxd4 Nf6 5. Nc3 e5 6. Ndb5 d6 7. Bg5 a6 8.
Na3 b5 9. Nd5 Be7 10. Bxf6 Bxf6 11. c4 b4 12. Nc2 O-O 13. Be2 Bg5 14. O-O a5
15. b3 Be6 16. a3 bxa3 17. Rxa3 Rb8 18. Qd3 Qd7 19. Rd1 f5 20. Bf3 g6 21. Nc3
Nb4 22. Qe2 Bd8 23. Nb5 fxe4 24. Bxe4 d5 25. Nxb4 axb4 26. Ra7 Rb7 27. Rxb7
Qxb7 28. Bxd5 Bxd5 29. Rxd5 Bb6 30. Rxe5 Rxf2 31. Qxf2 Bxf2+ 32. Kxf2 Qb8 33.
Re4 Qf8+ 34. Ke2 Qa8 35. Ke3 Qa1 36. Nd4 Qc1+ 37. Kf3 Qf1+ 38. Ke3 Qc1+ 39. Kf3
Qf1+ 40. Ke3 Qc1+ 1/2-1/2

[Event "Mittelfränkischer Schachkongress 2016"]
[Site "Nürnberg"]
[Date "2016.03.25"]
[Round "8.8"]
[White "Sattler, Stefan"]
[Black "Vogiatzis, Dimitrios"]
[Result "1/2-1/2"]
[WhiteElo "2087"]
[BlackElo "2080"]
[PlyCount "32"]
[EventDate "2016.??.??"]
[WhiteTeam "SK Herzogenaurach"]
[BlackTeam "SC Noris-Tarrasch Nürnberg"]

1. e4 e5 2. Nf3 d5 3. exd5 e4 4. Qe2 Nf6 5. Nc3 Be7 6. Nxe4 O-O 7. d3 Nxd5 8.
Qd1 Bg4 9. Be2 Re8 10. O-O Nc6 11. a3 f5 12. Ng3 Bd6 13. h3 Bxg3 14. fxg3 Bh5
15. Rf2 Qd6 16. Kh2 f4 1/2-1/2

[Event "Mittelfränkischer Schachkongress 2016"]
[Site "Nürnberg"]
[Date "2016.03.25"]
[Round "8.9"]
[White "Link, Andreas"]
[Black "Brenner, Christian"]
[Result "1/2-1/2"]
[WhiteElo "1972"]
[BlackElo "2037"]
[PlyCount "78"]
[EventDate "2016.??.??"]
[WhiteTeam "Zabo-Eintracht Nürnberg"]
[BlackTeam "Zabo-Eintracht Nürnberg"]

1. e4 c5 2. Nf3 d6 3. d4 cxd4 4. Nxd4 Nf6 5. Nc3 a6 6. g3 e6 7. Bg2 Be7 8. O-O
Nbd7 9. a4 O-O 10. Qe2 Qc7 11. Kh1 Re8 12. f4 Rb8 13. a5 b5 14. e5 dxe5 15. Nc6
exf4 16. Nxb8 Qxb8 17. Bxf4 Bd6 18. Bxd6 Qxd6 19. Rad1 Qc7 20. Ne4 Nxe4 21.
Qxe4 Nc5 22. Qc6 Qxc6 23. Bxc6 Rf8 24. b4 Nb7 25. Bd7 f6 26. Bxc8 Rxc8 27. Rd7
Nd8 28. Rfd1 Nc6 29. c3 h6 30. Rb7 Ne5 31. Rb6 Rxc3 32. Rxe6 Rc2 33. Rf1 Nc6
34. Kg1 Nxb4 35. Rd1 Nc6 36. Re8+ Kf7 37. Rc8 Rc4 38. Rd7+ Kg6 39. Rcc7 Nxa5
1/2-1/2

[Event "Mittelfränkischer Schachkongress 2016"]
[Site "Nürnberg"]
[Date "2016.03.25"]
[Round "8.10"]
[White "Walter, Florian"]
[Black "Böhme, Markus"]
[Result "1-0"]
[WhiteElo "2160"]
[BlackElo "1937"]
[PlyCount "57"]
[EventDate "2016.??.??"]
[WhiteTeam "SC Noris-Tarrasch Nürnberg"]
[BlackTeam "SC Uttenreuth"]

1. c4 c5 2. Nc3 Nc6 3. g3 g6 4. Bg2 Bg7 5. a3 e6 6. Rb1 a5 7. Nf3 Nge7 8. O-O
O-O 9. d3 b6 10. Bd2 d5 11. Ne1 Ba6 12. b3 Qd7 13. Nc2 Rfd8 14. Qc1 dxc4 15.
bxc4 Bxc4 16. Na4 Ba2 17. Nxb6 Qd6 18. Nxa8 Bxb1 19. Qxb1 Rxa8 20. Ne3 Rb8 21.
Nc4 Qc7 22. Qd1 Nd5 23. e3 Rd8 24. Qc2 Rb8 25. Rb1 Rxb1+ 26. Qxb1 Qa7 27. Qb5
Ne5 28. Qe8+ Bf8 29. Nxe5 1-0

[Event "Mittelfränkischer Schachkongress 2016"]
[Site "Nürnberg"]
[Date "2016.03.25"]
[Round "8.11"]
[White "Balhar, Michael"]
[Black "Tong, Kevin"]
[Result "0-1"]
[WhiteElo "1795"]
[BlackElo "2007"]
[PlyCount "72"]
[EventDate "2016.??.??"]
[WhiteTeam "SC Erlangen"]
[BlackTeam "SC Erlangen"]

1. e4 e5 2. Nf3 Nc6 3. Bc4 Nf6 4. d3 Be7 5. c3 d6 6. Bb3 O-O 7. Nbd2 Be6 8. Bc2
Re8 9. O-O Bf8 10. Re1 Qd7 11. Nf1 h6 12. Ng3 d5 13. d4 exd4 14. Nxd4 Nxd4 15.
cxd4 dxe4 16. Nxe4 Nxe4 17. Bxe4 Bd5 18. Bxd5 Qxd5 19. Rxe8 Rxe8 20. Be3 Qb5
21. Qc2 Bd6 22. b3 a6 23. Qc4 Qh5 24. g3 Qf3 25. Re1 c6 26. Qe2 Qf5 27. Qd1 Rd8
28. Qb1 Qd5 29. Qc2 Bc7 30. Qc4 Bb6 31. Rd1 c5 32. Qe2 cxd4 33. Bf4 d3 34. Qe7
Qf3 35. Re1 Qxf2+ 36. Kh1 Qf3# 0-1

[Event "Mittelfränkischer Schachkongress 2016"]
[Site "Nürnberg"]
[Date "2016.03.25"]
[Round "8.13"]
[White "Hannweber, Markus"]
[Black "Schlötterer, Hermann"]
[Result "1/2-1/2"]
[WhiteElo "2029"]
[BlackElo "1861"]
[PlyCount "135"]
[EventDate "2016.??.??"]
[WhiteTeam "SK Nürnberg"]
[BlackTeam "Zabo-Eintracht Nürnberg"]

1. e4 Nf6 2. e5 Nd5 3. d4 d6 4. exd6 exd6 5. Bc4 Nb6 6. Bd3 Be7 7. Ne2 Bg4 8.
O-O Nc6 9. c3 Qd7 10. b4 Bf6 11. Nd2 d5 12. Re1 O-O 13. h3 Bh5 14. Nf1 Nc4 15.
Nfg3 Bg6 16. Bxc4 dxc4 17. Nf4 Rfe8 18. Nxg6 Rxe1+ 19. Qxe1 hxg6 20. Be3 Re8
21. Qd2 a6 22. a4 Ne7 23. Ne4 Nd5 24. Nxf6+ Nxf6 25. f3 Nd5 26. Bf2 Qf5 27. Re1
Re6 28. Rxe6 Qxe6 29. Kf1 Kf8 30. Be1 Qd7 31. Qa2 c6 32. a5 Qe6 33. Qe2 Qd6 34.
Bd2 Qe6 35. Qe4 Ke7 36. Kf2 Kd7 37. Qh4 Qf5 38. Qe4 Qe6 39. g4 Qf6 40. Kg3 Qd6+
41. Kg2 Qe6 42. h4 Nf6 43. Qe5 Nd5 44. Kf2 Qe7 45. Kg3 f6 46. Qe4 Qf7 47. f4 f5
48. Qe5 fxg4 49. Kxg4 Nf6+ 50. Kf3 Nd5 51. Be1 Qf5 52. Qxg7+ Ne7 53. Qe5 Qh3+
54. Ke2 Qd3+ 55. Kf2 Nf5 56. Kg1 Qf3 57. Bd2 Qg3+ 58. Kf1 Qd3+ 59. Ke1 Qb1+ 60.
Kf2 Qh1 61. Qe1 Qh2+ 62. Kf3 Nxh4+ 63. Kg4 Ng2 64. Qe5 Qh4+ 65. Kf3 Qh3+ 66.
Kf2 Nh4 67. Qg7+ Ke6 68. Qg8+ 1/2-1/2

[Event "Mittelfränkischer Schachkongress 2016"]
[Site "Nürnberg"]
[Date "2016.03.25"]
[Round "8.14"]
[White "Rausch, Wolfgang sr"]
[Black "Cordts, Elof"]
[Result "1-0"]
[WhiteElo "1862"]
[BlackElo "1749"]
[PlyCount "203"]
[EventDate "2016.??.??"]
[WhiteTeam "SW Nürnberg Süd"]
[BlackTeam "SC Erlangen"]

1. c4 Nf6 2. Nc3 e5 3. Nf3 e4 4. Ng5 b6 5. Ngxe4 Bb7 6. Ng5 Be7 7. e3 h5 8. Nf3
d6 9. d4 Nbd7 10. Bd3 Nf8 11. d5 c5 12. dxc6 Bxc6 13. e4 N8d7 14. Nd4 Bb7 15.
Nd5 Nc5 16. f3 Nxd3+ 17. Qxd3 Nxd5 18. exd5 Qc7 19. O-O O-O 20. b3 Bf6 21. Nb5
Qd8 22. Rb1 a6 23. Na3 Re8 24. Be3 Bc8 25. Rbe1 Bd7 26. Qd2 Bf5 27. Bf2 Qc7 28.
Rc1 Re7 29. Rfe1 Rae8 30. Rxe7 Bxe7 31. Re1 Rb8 32. Bd4 Bf8 33. Nb1 b5 34. Rc1
bxc4 35. Rxc4 Qb7 36. Nc3 Rc8 37. Ra4 Bd7 38. Ra5 Be7 39. Ne2 Bd8 40. Ra3 Qxd5
41. Rxa6 Bb5 42. Nf4 Qf5 43. Rxd6 Qb1+ 44. Kf2 Bh4+ 45. Ke3 Re8+ 46. Ne6 fxe6
47. g3 Bg5+ 48. f4 Bh6 49. Be5 Qf5 50. Qc3 g5 51. a4 gxf4+ 52. gxf4 Qh3+ 53.
Kd4 Qxc3+ 54. Kxc3 Be2 55. Kd2 Bf3 56. b4 Bf8 57. Rb6 Rd8+ 58. Ke3 Bd5 59. a5
Rc8 60. a6 Ra8 61. Kd4 Kf7 62. Bb8 Ke8 63. a7 Kd7 64. f5 Bg7+ 65. Kd3 Bb3 66.
Rb7+ Kc6 67. Rxg7 exf5 68. Kc3 Bd1 69. Rc7+ Kb6 70. Rc5 Bg4 71. Kd4 f4 72. Ke4
f3 73. Ke3 Kb7 74. Kf2 Rxb8 75. axb8=Q+ Kxb8 76. Kg3 Kb7 77. h3 f2 78. Kxf2
Bxh3 79. Rxh5 Bg4 80. Rc5 Kb6 81. Ke3 Bh3 82. Kd4 Bg2 83. Rf5 Bh3 84. Rf6+ Kb5
85. Kc3 Bg4 86. Rf4 Bh3 87. Rh4 Bf1 88. Rh2 Kb6 89. Rf2 Bh3 90. Rf6+ Kb5 91.
Kb3 Bg2 92. Rf5+ Kb6 93. Ka4 Be4 94. Rf6+ Kb7 95. Kb5 Bd5 96. Rg6 Be4 97. Rg7+
Kc8 98. Kb6 Bd5 99. Rc7+ Kb8 100. Rd7 Be6 101. Rd8+ Bc8 102. Re8 1-0

[Event "Mittelfränkischer Schachkongress 2016"]
[Site "Nürnberg"]
[Date "2016.03.26"]
[Round "9.1"]
[White "Reis, Gerhard"]
[Black "Walter, Thomas"]
[Result "1/2-1/2"]
[WhiteElo "2220"]
[BlackElo "2122"]
[PlyCount "34"]
[EventDate "2016.??.??"]
[WhiteTeam "SW Nürnberg Süd"]
[BlackTeam "SC Erlangen"]

1. Nf3 d5 2. d4 Nf6 3. c4 c6 4. e3 Bg4 5. Qb3 Qb6 6. Nc3 Bxf3 7. gxf3 Nbd7 8.
cxd5 Qxb3 9. axb3 Nxd5 10. Nxd5 cxd5 11. Bd2 e6 12. Bd3 Bd6 13. Ke2 f6 14. Rhg1
Kf7 15. f4 f5 16. b4 Rhc8 17. b5 Rc7 1/2-1/2

[Event "Mittelfränkischer Schachkongress 2016"]
[Site "Nürnberg"]
[Date "2016.03.26"]
[Round "9.2"]
[White "Miller, Eduard"]
[Black "Süß, Stefan"]
[Result "1/2-1/2"]
[WhiteElo "2259"]
[BlackElo "2023"]
[PlyCount "69"]
[EventDate "2016.??.??"]
[WhiteTeam "SC Erlangen"]
[BlackTeam "SC Noris-Tarrasch Nürnberg"]

1. e4 e6 2. d3 d5 3. Nd2 c5 4. Ngf3 Nc6 5. g3 g6 6. Bg2 Bg7 7. O-O Nge7 8. exd5
exd5 9. c3 O-O 10. Nb3 b6 11. d4 c4 12. Nbd2 h6 13. Re1 Be6 14. Nf1 Qd7 15. h4
b5 16. Bf4 Rfe8 17. Qd2 Kh7 18. Rad1 Ng8 19. Ne3 Nf6 20. Ne5 Qc8 21. b3 Nxe5
22. dxe5 Ne4 23. Bxe4 dxe4 24. bxc4 Bxc4 25. Nxc4 Qxc4 26. Qd5 Qxd5 27. Rxd5 g5
28. hxg5 hxg5 29. Bxg5 Rxe5 30. Red1 Rc8 31. Bf4 Rxd5 32. Rxd5 Rxc3 33. Rh5+
Kg8 34. Rg5 Rc6 35. Rxb5 1/2-1/2

[Event "Mittelfränkischer Schachkongress 2016"]
[Site "Nürnberg"]
[Date "2016.03.26"]
[Round "9.3"]
[White "Wittmann, Helmut"]
[Black "Böhme, Sebastian"]
[Result "0-1"]
[WhiteElo "2079"]
[BlackElo "1766"]
[PlyCount "50"]
[EventDate "2016.??.??"]
[WhiteTeam "BSG Wöhrlhaus"]
[BlackTeam "SC Uttenreuth"]

1. d4 e6 2. g3 f5 3. Bg2 Nf6 4. Nh3 c6 5. Bg5 d5 6. Bxf6 Qxf6 7. e3 Bd6 8. Qh5+
Qf7 9. Qxf7+ Kxf7 10. O-O Nd7 11. f3 c5 12. Nd2 b6 13. e4 cxd4 14. Rae1 h6 15.
exd5 exd5 16. f4 Nf6 17. Nc4 dxc4 18. Bxa8 Ba6 19. Bg2 c3 20. bxc3 Bxf1 21.
Bxf1 dxc3 22. Bc4+ Kg6 23. Re6 Bc5+ 24. Kg2 Rd8 25. Bd3 Rxd3 0-1

[Event "Mittelfränkischer Schachkongress 2016"]
[Site "Nürnberg"]
[Date "2016.03.26"]
[Round "9.4"]
[White "Heimrath, Reiner"]
[Black "Seibold, Hubert"]
[Result "1-0"]
[WhiteElo "2156"]
[BlackElo "2165"]
[PlyCount "73"]
[EventDate "2016.??.??"]
[WhiteTeam "SC Noris-Tarrasch Nürnberg"]
[BlackTeam "SK Zirndorf"]

1. e4 c5 2. Nf3 e6 3. g3 Nc6 4. Bg2 Nf6 5. Qe2 d5 6. d3 dxe4 7. dxe4 Be7 8. O-O
O-O 9. c3 Qc7 10. Na3 e5 11. h3 b6 12. Nb5 Qb8 13. a4 Na5 14. Bg5 Be6 15. Rfe1
h6 16. Bxf6 Bxf6 17. Rad1 a6 18. Nd6 Bb3 19. Rd2 Rd8 20. Nf5 Bxa4 21. Nh2 Rxd2
22. Qxd2 Qd8 23. Qe2 Bb5 24. Qg4 Kh7 25. Qh5 Qf8 26. Ng4 Bg5 27. Nxe5 g6 28.
Qf3 Re8 29. Ng4 gxf5 30. Qxf5+ Kh8 31. h4 Bd8 32. e5 Qg7 33. Be4 Bc4 34. Qh5
Kg8 35. Nxh6+ Kf8 36. Nf5 Qg6 37. Qh8+ 1-0

[Event "Mittelfränkischer Schachkongress 2016"]
[Site "Nürnberg"]
[Date "2016.03.26"]
[Round "9.5"]
[White "Hirn, Oskar"]
[Black "Bildt, Maximilian"]
[Result "1-0"]
[WhiteElo "2209"]
[BlackElo "1997"]
[PlyCount "69"]
[EventDate "2016.??.??"]
[WhiteTeam "SC Noris-Tarrasch Nürnberg"]
[BlackTeam "SK Zirndorf"]

1. Nf3 Nf6 2. g3 g6 3. Bg2 Bg7 4. O-O O-O 5. d3 d5 6. Nbd2 c5 7. e4 Nc6 8. Re1
e5 9. c3 d4 10. Nc4 Qc7 11. a4 Be6 12. cxd4 cxd4 13. b3 Rfe8 14. Bg5 Nd7 15.
Rc1 Bf8 16. Bd2 Nc5 17. Qc2 a5 18. Ng5 Bxc4 19. Qxc4 h6 20. Nh3 b6 21. f4 Qd7
22. Nf2 Qe6 23. Red1 Rac8 24. Bh3 Qxc4 25. Rxc4 Rcd8 26. Ng4 Rd6 27. fxe5 Nxe5
28. Nxe5 Rxe5 29. Bf4 Bg7 30. Bxe5 Bxe5 31. b4 axb4 32. Rxb4 Rf6 33. Bf1 Rf3
34. Rb5 Nd7 35. Rd5 1-0

[Event "Mittelfränkischer Schachkongress 2016"]
[Site "Nürnberg"]
[Date "2016.03.26"]
[Round "9.6"]
[White "Wagner, Florian"]
[Black "Walter, Florian"]
[Result "1/2-1/2"]
[WhiteElo "2137"]
[BlackElo "2160"]
[PlyCount "81"]
[EventDate "2016.??.??"]
[WhiteTeam "SC Noris-Tarrasch Nürnberg"]
[BlackTeam "SC Noris-Tarrasch Nürnberg"]

1. c4 Nf6 2. Nc3 c6 3. e4 d5 4. e5 Ne4 5. Qf3 Nxc3 6. dxc3 Be6 7. cxd5 Bxd5 8.
Qf4 Qb6 9. Ne2 Nd7 10. b3 Nc5 11. Qe3 Rd8 12. Ng3 g6 13. c4 Be6 14. Be2 Bg7 15.
Bb2 Qa5+ 16. Bc3 Qb6 17. O-O Nd3 18. Qe4 Nc5 19. Qc2 O-O 20. Kh1 Bc8 21. f4 Ne6
22. Qe4 Nd4 23. Rad1 c5 24. Bxd4 cxd4 25. Rf3 f6 26. Rfd3 fxe5 27. fxe5 Qc5 28.
Rxd4 Rxd4 29. Qxd4 Qxd4 30. Rxd4 Bxe5 31. Rd5 Bc7 32. Bf3 Rd8 33. Rxd8+ Bxd8
34. Ne4 Kg7 35. Kg1 Bc7 36. Kf2 Bf5 37. h3 b6 38. g4 Bxe4 39. Bxe4 Kf6 40. h4
Ke5 41. Ke3 1/2-1/2

[Event "Mittelfränkischer Schachkongress 2016"]
[Site "Nürnberg"]
[Date "2016.03.26"]
[Round "9.7"]
[White "Fuchs, Gerhard"]
[Black "Sattler, Stefan"]
[Result "0-1"]
[WhiteElo "1997"]
[BlackElo "2087"]
[PlyCount "68"]
[EventDate "2016.??.??"]
[WhiteTeam "SK Nürnberg"]
[BlackTeam "SK Herzogenaurach"]

1. d4 Nf6 2. Bg5 e6 3. e4 h6 4. Bxf6 Qxf6 5. c3 d5 6. Nd2 dxe4 7. Nxe4 Qd8 8.
Bd3 Nd7 9. Nf3 Be7 10. O-O b6 11. Ne5 Nxe5 12. dxe5 Qd5 13. Qe2 Bd7 14. f4 Rd8
15. b4 O-O 16. Bc4 Qb7 17. b5 c6 18. a4 Qc7 19. Ra2 Bc8 20. Bd3 Rd5 21. Rf3
Rfd8 22. Rg3 Kf8 23. Qg4 g6 24. Qh3 h5 25. Rf2 cxb5 26. axb5 Bc5 27. Nxc5 Qxc5
28. Be2 Rd1+ 29. Bf1 Qxb5 30. Qh4 Qc5 31. Qf6 Ba6 32. Qxd8+ Rxd8 33. Bxa6 Rd1+
34. Bf1 a5 0-1

[Event "Mittelfränkischer Schachkongress 2016"]
[Site "Nürnberg"]
[Date "2016.03.26"]
[Round "9.8"]
[White "Erlbeck, Peter"]
[Black "Link, Andreas"]
[Result "1/2-1/2"]
[WhiteElo "2056"]
[BlackElo "1972"]
[PlyCount "59"]
[EventDate "2016.??.??"]
[WhiteTeam "SW Nürnberg Süd"]
[BlackTeam "Zabo-Eintracht Nürnberg"]

1. e4 e5 2. Nf3 Nc6 3. Bb5 a6 4. Bxc6 dxc6 5. O-O f6 6. d4 Bg4 7. c3 Bd6 8.
dxe5 fxe5 9. Be3 Nf6 10. Nbd2 Qd7 11. Qc2 O-O-O 12. b4 Nh5 13. a4 Rhf8 14. b5
cxb5 15. axb5 Qxb5 16. c4 Qc6 17. c5 Rxf3 18. Nxf3 Bxf3 19. gxf3 Be7 20. Kh1
Qf6 21. Qe2 Rf8 22. Rac1 c6 23. Rfd1 Qxf3+ 24. Qxf3 Rxf3 25. Rg1 g6 26. Kg2 Rf7
27. Rcd1 Ng7 28. Rc1 Ne6 29. Rc4 Kc7 30. Kg3 1/2-1/2

[Event "Mittelfränkischer Schachkongress 2016"]
[Site "Nürnberg"]
[Date "2016.03.26"]
[Round "9.9"]
[White "Tong, Kevin"]
[Black "Leis, Stefan"]
[Result "1-0"]
[WhiteElo "2007"]
[BlackElo "1970"]
[PlyCount "55"]
[EventDate "2016.??.??"]
[WhiteTeam "SC Erlangen"]
[BlackTeam "SC Mühlhof-Reichelsdorf"]

1. e4 e6 2. d4 d5 3. Nc3 Bb4 4. exd5 exd5 5. Bd3 Nc6 6. a3 Bxc3+ 7. bxc3 Be6 8.
Ne2 Nge7 9. Ng3 Qd7 10. O-O O-O 11. h3 Ng6 12. Qf3 Rfe8 13. Bd2 Nce7 14. Rab1
c6 15. Rfe1 Nc8 16. Nh5 Nd6 17. Bh6 f5 18. Nxg7 Re7 19. Nh5 Rf7 20. Nf4 Ne4 21.
Nxg6 hxg6 22. Bxe4 dxe4 23. Qg3 Kh7 24. Bf4 Bd5 25. Be5 Qe7 26. Rxb7 Qd8 27.
Reb1 Qf8 28. Rb8 1-0

[Event "Mittelfränkischer Schachkongress 2016"]
[Site "Nürnberg"]
[Date "2016.03.26"]
[Round "9.10"]
[White "Brenner, Christian"]
[Black "Hannweber, Markus"]
[Result "1/2-1/2"]
[WhiteElo "2037"]
[BlackElo "2029"]
[PlyCount "20"]
[EventDate "2016.??.??"]
[WhiteTeam "Zabo-Eintracht Nürnberg"]
[BlackTeam "SK Nürnberg"]

1. e4 e5 2. Nf3 Nc6 3. Bb5 a6 4. Ba4 Nf6 5. O-O b5 6. Bb3 Nxe4 7. Re1 d5 8. d3
Nf6 9. Nxe5 Nxe5 10. Rxe5+ Be6 1/2-1/2

[Event "Mittelfränkischer Schachkongress 2016"]
[Site "Nürnberg"]
[Date "2016.03.26"]
[Round "9.11"]
[White "Schlötterer, Hermann"]
[Black "Vogiatzis, Dimitrios"]
[Result "0-1"]
[WhiteElo "1861"]
[BlackElo "2080"]
[PlyCount "97"]
[EventDate "2016.??.??"]
[WhiteTeam "Zabo-Eintracht Nürnberg"]
[BlackTeam "SC Noris-Tarrasch Nürnberg"]

1. d4 d5 2. g3 f5 3. Bg2 e6 4. Nh3 Nf6 5. Nd2 Be7 6. Nf3 O-O 7. O-O Ne4 8. Nf4
c5 9. c4 dxc4 10. d5 exd5 11. Qxd5+ Qxd5 12. Nxd5 Bd6 13. Bf4 Nc6 14. Bxd6 Nxd6
15. Rfd1 Ne4 16. Rac1 Rf7 17. Nc3 h6 18. e3 Be6 19. Nxe4 fxe4 20. Nd2 Bg4 21.
Bf1 Bxd1 22. Rxd1 Rd7 23. Bxc4+ Kf8 24. Kf1 Rad8 25. Ke2 Ne5 26. Bb3 c4 27. Ba4
Rd6 28. Nxe4 Rxd1 29. Bxd1 Ke7 30. Bc2 b5 31. a3 a5 32. Nc5 b4 33. a4 c3 34.
bxc3 bxc3 35. Nb3 Nc4 36. Nd4 Rc8 37. Bf5 Rc5 38. Bc2 Nb2 39. Bb3 Kf6 40. f4 g5
41. f5 g4 42. e4 Ke5 43. Ke3 Nc4+ 44. Kd3 Nd2 45. Bd1 Nxe4 46. Ke3 h5 47. Bc2
Nd6 48. Nb3 Rd5 49. Nd4 0-1

[Event "Mittelfränkischer Schachkongress 2016"]
[Site "Nürnberg"]
[Date "2016.03.26"]
[Round "9.12"]
[White "Junk, Philipp"]
[Black "Balhar, Michael"]
[Result "1-0"]
[WhiteElo "1781"]
[BlackElo "1795"]
[PlyCount "51"]
[EventDate "2016.??.??"]
[WhiteTeam "SC  JÄKLECHEMIE"]
[BlackTeam "SC Erlangen"]

1. e4 e5 2. f4 Bc5 3. Nf3 d6 4. c3 Nc6 5. d4 exd4 6. cxd4 Bb6 7. Bb5 Bd7 8. Nc3
Nce7 9. Bc4 d5 10. Bxd5 Nxd5 11. Nxd5 Ba5+ 12. Bd2 c6 13. Bxa5 Qxa5+ 14. Nc3
Nf6 15. O-O O-O 16. Qd3 Rfe8 17. e5 Nd5 18. Ng5 f5 19. Rae1 g6 20. e6 Bc8 21.
Re5 Qd8 22. Nxd5 cxd5 23. Qh3 Re7 24. Rfe1 Qa5 25. Qb3 Qd2 26. Qxd5 1-0

[Event "Mittelfränkischer Schachkongress 2016"]
[Site "Nürnberg"]
[Date "2016.03.26"]
[Round "9.14"]
[White "Cordts, Elof"]
[Black "Böhme, Markus"]
[Result "0-1"]
[WhiteElo "1749"]
[BlackElo "1937"]
[PlyCount "98"]
[EventDate "2016.??.??"]
[WhiteTeam "SC Erlangen"]
[BlackTeam "SC Uttenreuth"]

1. e4 c5 2. Nc3 g6 3. f4 Nc6 4. Nf3 Bg7 5. Bb5 Nd4 6. O-O Nxb5 7. Nxb5 a6 8.
Nc3 d6 9. d3 Nf6 10. a4 O-O 11. Qe1 Rb8 12. Qh4 b5 13. f5 b4 14. Ne2 e5 15. Bh6
Bxh6 16. Qxh6 Ng4 17. Qd2 c4 18. h3 Qb6+ 19. d4 Nf6 20. Qh6 exd4 21. Kh2 d3 22.
cxd3 Qc7 23. dxc4 Nxe4 24. f6 Nxf6 25. Ng5 Bf5 26. Rxf5 gxf5 27. Qxf6 d5+ 28.
Kh1 Qb6 29. Qxf5 Qg6 30. Qxd5 Rfd8 31. Qa5 Rd2 32. Qe5 Rbd8 33. Nf3 R2d6 34.
Ned4 f6 35. Qc5 Qg3 36. Rg1 Qf2 37. Qxb4 Rxd4 38. Nxd4 Qxd4 39. b3 Qf2 40. Qc3
Kg7 41. c5 Qf5 42. c6 Rd3 43. Qxd3 Qxd3 44. Rc1 Qd2 45. Rc4 Qd1+ 46. Kh2 Qxb3
47. Rc1 Qxa4 48. Rc5 Qf4+ 49. Kh1 Qc7 0-1

[Event "Mittelfränkischer Schachkongress 2016"]
[Site "Nürnberg"]
[Date "2016.03.23"]
[Round "1.1"]
[White "Llugiq, Bajram"]
[Black "Konsek, Peter"]
[Result "0-1"]
[WhiteElo "1668"]
[BlackElo "2085"]
[PlyCount "100"]
[EventDate "2016.??.??"]
[WhiteTeam "SW Nürnberg Süd"]
[BlackTeam "SW Nürnberg Süd"]

1. Nf3 f5 2. d4 Nf6 3. c4 g6 4. Nc3 Bg7 5. Bg5 Ne4 6. Bf4 Nxc3 7. bxc3 d6 8. e3
c5 9. Be2 Qa5 10. Qb3 O-O 11. O-O b6 12. Rac1 Bd7 13. h4 h6 14. Bd3 Bc6 15. d5
Ba4 16. Qb2 Nd7 17. Nd2 Ne5 18. Be2 Bd7 19. Nb3 Qa4 20. Nd2 Nf7 21. Nf3 Rfb8
22. Qc2 Qa3 23. Bd3 b5 24. Nd2 b4 25. cxb4 Ba4 26. Nb3 Rxb4 27. Rb1 Rab8 28. e4
Bxb3 29. axb3 Rxb3 30. exf5 g5 31. hxg5 hxg5 32. Bc1 Qb4 33. Bd2 Qb7 34. Rfe1
Ne5 35. Be4 g4 36. Bf4 Rxb1 37. Qxb1 Qxb1 38. Bxb1 Nxc4 39. Bd3 Ne5 40. Be2 Rb4
41. Bg5 Kf7 42. Rd1 Bf6 43. Bd2 Rb2 44. Kf1 Rc2 45. Bf4 c4 46. Ra1 Rxe2 47.
Kxe2 Nd3 48. Rxa7 Nxf4+ 49. Kd2 Nxd5 50. g3 Bd4 0-1

[Event "Mittelfränkischer Schachkongress 2016"]
[Site "Nürnberg"]
[Date "2016.03.23"]
[Round "1.2"]
[White "Diller, Peter"]
[Black "Weißmann, Peter"]
[Result "1-0"]
[WhiteElo "1999"]
[BlackElo "1801"]
[PlyCount "67"]
[EventDate "2016.??.??"]
[WhiteTeam "SK Rothenburg"]
[BlackTeam "SK Zirndorf"]

1. e4 c5 2. f4 Nc6 3. Nf3 d6 4. Bc4 e6 5. Nc3 a6 6. a4 g6 7. O-O Bg7 8. d3 Nge7
9. Ne2 Na5 10. Ba2 Bd7 11. c3 b5 12. axb5 Bxb5 13. Ng3 O-O 14. f5 c4 15. fxe6
fxe6 16. Ng5 Qb6+ 17. d4 Rxf1+ 18. Qxf1 Rf8 19. Qe2 d5 20. exd5 Nxd5 21. Qxe6+
Qxe6 22. Nxe6 Re8 23. Nxg7 Kxg7 24. Bd2 Nb3 25. Bxb3 cxb3 26. Ra3 Nb6 27. Rxb3
Nc4 28. Bf4 Re1+ 29. Kf2 Rb1 30. Ne4 Nxb2 31. Kg3 Re1 32. Nd6 Nd1 33. c4 Ba4
34. Rb6 1-0

[Event "Mittelfränkischer Schachkongress 2016"]
[Site "Nürnberg"]
[Date "2016.03.23"]
[Round "1.3"]
[White "Grasser, Stefan"]
[Black "Wawor, Gerhard"]
[Result "0-1"]
[WhiteElo "1767"]
[BlackElo "1940"]
[PlyCount "50"]
[EventDate "2016.??.??"]
[WhiteTeam "Zabo-Eintracht Nürnberg"]
[BlackTeam "SK Nürnberg"]

1. c4 e5 2. Nc3 Bb4 3. g3 Bxc3 4. bxc3 d6 5. Bg2 Nf6 6. d3 h6 7. Rb1 c6 8. a4
O-O 9. e4 Qe7 10. h3 Be6 11. Ne2 d5 12. cxd5 cxd5 13. Rb3 Rd8 14. Ba3 Qd7 15.
d4 dxe4 16. Rb4 Nc6 17. Rb2 Rac8 18. Qb1 b6 19. O-O Bxh3 20. dxe5 Nxe5 21. a5
Nf3+ 22. Bxf3 exf3 23. Nf4 g5 24. Be7 gxf4 25. Bxd8 Bg2 0-1

[Event "Mittelfränkischer Schachkongress 2016"]
[Site "Nürnberg"]
[Date "2016.03.23"]
[Round "1.4"]
[White "Birkmann, Günther"]
[Black "Müller, Ludwig"]
[Result "1-0"]
[WhiteElo "2010"]
[BlackElo "1843"]
[PlyCount "97"]
[EventDate "2016.??.??"]
[WhiteTeam "SK Zirndorf"]
[BlackTeam "SGem Nürnberg"]

1. Nf3 Nf6 2. c4 c5 3. Nc3 Nc6 4. d4 cxd4 5. Nxd4 e6 6. g3 Bb4 7. Bg2 O-O 8.
O-O Bxc3 9. bxc3 a6 10. Ba3 Re8 11. c5 Qc7 12. Qa4 Rb8 13. Rab1 Qa5 14. Bxc6
Qxa4 15. Bxa4 Nd5 16. Rfc1 b5 17. cxb6 Rxb6 18. Rxb6 Nxb6 19. Bb3 d5 20. c4
dxc4 21. Bxc4 Nxc4 22. Rxc4 Bb7 23. Rc7 Bd5 24. Nb3 h6 25. f3 Rb8 26. Rc3 a5
27. e4 Bxb3 28. Rxb3 Rc8 29. Kf2 Rc2+ 30. Ke3 Rxa2 31. h4 a4 32. Rc3 Ra1 33.
Bd6 f6 34. Ra3 Rxa3+ 35. Bxa3 Kf7 36. h5 e5 37. Kd3 g6 38. hxg6+ Kxg6 39. Kc4
f5 40. Kd5 Kf6 41. Bb2 fxe4 42. Kxe4 h5 43. Bxe5+ Kg5 44. Bd6 h4 45. gxh4+ Kxh4
46. Kf5 Kh5 47. Kf6 Kh4 48. f4 Kg4 49. f5 1-0

[Event "Mittelfränkischer Schachkongress 2016"]
[Site "Nürnberg"]
[Date "2016.03.23"]
[Round "1.5"]
[White "Meyer, Robert"]
[Black "Süß, Helmut"]
[Result "0-1"]
[WhiteElo "1611"]
[BlackElo "1944"]
[PlyCount "94"]
[EventDate "2016.??.??"]
[WhiteTeam "SC Stein"]
[BlackTeam "SC Noris-Tarrasch Nürnberg"]

1. d4 Nf6 2. g3 d5 3. Bg2 c6 4. Nf3 Bf5 5. O-O e6 6. Nbd2 Be7 7. Ne5 Nbd7 8.
Ndf3 Nxe5 9. Nxe5 O-O 10. c3 Bd6 11. Nd3 h6 12. Bf4 Bxd3 13. Qxd3 Bxf4 14. gxf4
Nh5 15. Qf3 Qh4 16. e3 f5 17. Qh3 Qxh3 18. Bxh3 Kf7 19. f3 Ke7 20. Rf2 Rf6 21.
Rg2 a5 22. Rc1 b5 23. b3 a4 24. b4 Rg8 25. Kh1 g5 26. Rcg1 Rfg6 27. fxg5 hxg5
28. Rf2 Rh6 29. Bf1 Kf6 30. Rgg2 f4 31. e4 dxe4 32. fxe4 Ke7 33. Kg1 Nf6 34. e5
Nd5 35. Rf3 g4 36. c4 bxc4 37. Bxc4 Ne3 38. Rxe3 fxe3 39. Be2 Rh4 40. Rg3 Rd8
41. b5 cxb5 42. Bxb5 Rxd4 43. Rxe3 Rd1+ 44. Kg2 Rd2+ 45. Re2 Rxe2+ 46. Bxe2 Rh3
47. Bf3 Kf7 0-1